000 00582nam a2200217Ii 4500
001 9614
003 CO-ViMGA
008 241108s9999||||xx |||||||||||||| ||und||
020 _a8437218101
040 _aCO-ViMGA
_bspa
_erda
_cCO-ViMGA
041 0 _aspa
084 _aC GAM2j
100 1 _aStephen Gammel
_952263
245 1 0 _aJack el trampero
264 1 _aMadrid, EspaƱa : Altea, 1983
300 _avolumen
336 _atext
_btxt
_2rdacontent
337 _aunmediated
_bn
_2rdamedia
338 _avolume
_bnc
_2rdacarrier
940 _aidficha_siabuc: 9400. -- ficha_no_siabuc:9614
999 _c47046
_d47046